[Event "FIDE-Wch k.o."]
[Site "Groningen"]
[Date "1997.10.15"]
[Round "3.2"]
[White "Van Wely, Loek"]
[Black "Piket, Jeroen"]
[Result "1/2-1/2"]
[WhiteElo "2655"]
[BlackElo "2630"]
[Annotator "ChessBase"]
[PlyCount "103"]
[EventDate "1997.12.09"]
[EventType "k.o."]
[EventRounds "7"]
[EventCountry "NED"]
[SourceTitle "CBM 063"]
[Source "ChessBase"]
[SourceDate "1998.03.26"]
[SourceVersion "1"]
[SourceVersionDate "1998.03.26"]
[SourceQuality "1"]

1. d4 Nf6 2. c4 e6 3. Nc3 d5 4. Nf3 Nbd7 5. cxd5 exd5 6. Bg5 Be7 7. e3 O-O 8. Qc2 c6 9. Bd3 Re8 10. h3 Ne4 $2 {Für diesen Zug gibt es keine Notwendigkeit. Schwarz bekommt für den Bauern nur wenig Kompensation.} (10... Nf8 $142 {main line}) 11. Bxe4 dxe4 12. Nxe4 Qa5+ 13. Kf1 $1 (13. Qd2 Bb4 14. Nc3 Nb6 { b6-c4:b2} 15. a3 Nc4 16. Qc1 Bd6 17. O-O h6 18. Bf4 Bxf4 19. exf4 Qh5 20. Ne5 Nd6 21. Qd1 Qf5 22. Qd2 f6 23. Nd3 {Arkell,K-Banchev,B/Toulouse op 1990/EXT 90op2/½-½ (68)}) 13... Qf5 {Der Zug stellt eine Falle auf.} (13... h6 14. Bxe7 Rxe7 15. Ng3 b6 16. Qxc6 Qa6+ 17. Kg1 Bb7 18. Qd6 Re6 19. Qxd7 Bc6 20. Qc7 Rc8 21. Qf4 Bxf3 22. Qxf3 Rc2 23. Kh2 Qc8 24. Nf5 Kh8 25. Qg3 Rg6 26. Qf4 Rf6 27. e4 Qd7 28. Rhc1 {1-0 Moeller,B-Ponce,N/Buenos Aires ol prel-C 1939/HCL 37}) (13... Bf8 14. Nc3 Nb6 (14... b5 15. Kg1 Nb6 16. Bf4 b4 17. Ne2 Bf5 18. Qd1 h6 19. Kh2 Be4 20. Nd2 Nd5 21. Nxe4 Rxe4 22. Be5 f6 23. Ng3 Rxe3 24. fxe3 fxe5 25. Qb3 e4 26. Nxe4 Re8 27. Qd3 Qd8 28. Rhe1 Qh4 29. Nd2 Bd6+ 30. Kh1 Qg3 31. Nf1 Qh4 32. e4 Bf4 33. Qc4 Kh8 34. Qxc6 Nf6 35. e5 Re7 36. exf6 Rxe1 37. f7 {1-0 Videki,S-Robert,A/Biel-C 1990/EXT 90}) 15. g4 h6 16. Bh4 Nc4 17. e4 b5 18. Kg2 Bb7 19. Rhe1 Qb4 20. Re2 a5 21. Rae1 a4 22. Nd1 a3 23. b3 Na5 24. Nc3 Rac8 25. Qd3 c5 26. Nd5 Bxd5 27. exd5 Rxe2 28. Rxe2 c4 29. Qf5 Ra8 30. bxc4 Nxc4 31. Ne5 Nd6 32. Qd3 Ra4 33. Nc6 Qc4 34. Qf3 Ra8 35. Be7 b4 36. Ne5 Qc7 37. Nc6 Qb7 38. Qf4 Nc4 39. Bxf8 Rxf8 40. Ne7+ Kh7 41. Qf5+ Kh8 42. Ng6+ fxg6 43. Qxf8+ Kh7 44. Qf3 Qb5 45. h4 b3 46. h5 gxh5 47. Qf5+ Kh8 48. Re7 {1-0 Lazarev,V-Mai,I/Meisdorf op 1996/EXT 96op2}) 14. Bxe7 (14. Rc1 $4 {sieht natürlich aus, aber} Bxg5 15. Nexg5 Qxc2 16. Rxc2 h6 $19) 14... Rxe7 15. Nfd2 Nb6 16. Rc1 Nd5 17. Kg1 Nb4 $146 (17... Qg6 {wurde als Verbesserung vorgeschlagen.} 18. Nc3 Bf5 19. Qd1 $16) ({RR} 17... Qg6 18. Nc3 Bf5 19. Nxd5 cxd5 20. Qc5 Qe6 21. Kh2 h5 22. Rc3 Rae8 23. Rhc1 h4 24. Nf3 Be4 25. Ng5 Qf5 26. Qxe7 {1-0 (26) Eperjesi,L-Eigler,F Salgotarjan 1975}) ({RR} 17... Qg6 18. Nc3 Qxc2 19. Rxc2 Nb4 20. Rc1 Be6 21. b3 Rd8 22. Nde4 f5 23. Nc5 b6 24. Nxe6 Rxe6 25. a3 Nd5 26. g3 Nf6 27. Kg2 Ne4 28. Rc2 Nxc3 29. Rxc3 Kf7 30. Rhc1 Rdd6 31. h4 Ke7 32. b4 {Miladinovic,I (2607)-Savic,M (2517) Pancevo 2006 1-0 (55)}) 18. Qb3 (18. Qa4 $142) 18... a5 19. Nd6 Qd3 20. Nxc8 Rxc8 21. Nc4 Qxb3 22. axb3 b5 23. Nd6 Rd8 24. Nf5 Re6 25. g4 g6 26. Ng3 Nd3 27. Ra1 f5 28. Rd1 Nc5 29. gxf5 gxf5 30. Nxf5 Nxb3 31. Kh2 Rf6 32. Rhg1+ Kf8 33. Rg5 $1 h6 34. Rh5 a4 35. e4 b4 36. e5 Rg6 $1 37. Rd3 c5 $5 (37... Ra8 {Piket} 38. Nxh6 a3 39. bxa3 bxa3 40. Rf3+ Ke8 41. Nf5 Kd7 42. Rxb3 (42. Rh7+ Ke6 43. Re7+ Kd5 44. Rxb3 a2 45. Ne3+ Ke4 46. Nc2 $18) 42... a2 43. Rb7+ Ke6 44. Ne7 a1=Q 45. d5+ $1 cxd5 46. Nxg6 $18 {Van Wely}) 38. d5 $1 a3 39. bxa3 c4 40. Rf3 Nd2 41. Rf4 b3 42. Nxh6+ (42. Nh4+ Kg7 43. e6 Rg5 44. Rf7+ (44. Nf5+ Kf6) 44... Kg8 45. Rxg5+ hxg5 46. Nf5 b2 47. Nh6+ Kh8 48. e7 (48. Rb7)) 42... Ke8 43. Ng4 b2 $6 (43... Rxd5 44. Nf6+ Rxf6 45. Rh8+ Rf8 $1 (45... Kf7 46. exf6 b2 47. Rh7+ Kf8 (47... Kg6 48. Rg7+ Kh6 (48... Kh5 49. f7) 49. Rh4+ Rh5 50. Rxh5+ Kxh5 51. f7) (47... Ke6 48. Re7+ Kd6 49. Rb7 c3 (49... b1=Q 50. Rxb1 Nxb1 51. f7) 50. f7) 48. f7 { 49.h8}) 46. Rfxf8+ Ke7 (46... Kd7 47. Rd8+ Kc6 48. e6) 47. Re8+ Kf7 (47... Kd7 48. e6+ Kd6 49. Rd8+ Kc5 50. Rxd5+ Kxd5 51. e7) 48. e6+ Kf6 49. Rhf8+ Ke5 50. e7 Rd7 51. Rd8) 44. Rh8+ Ke7 45. Rh7+ Ke8 46. Rh8+ Ke7 47. Rh7+ Ke8 48. Nf6+ $2 (48. d6 $1 {gewinnt relativ einfach und forciert:} Rdxd6 49. exd6 Rxd6 50. Rb7 b1=Q (50... c3 51. Ra4 $18) 51. Rxb1 Nxb1 52. Rxc4 Nxa3 53. Rc5 $18) 48... Kf8 49. Rh8+ Ke7 50. Rh7+ Kf8 51. Rh8+ Ke7 52. Rh7+ (52. d6+ Ke6 53. Rxd8 Kxe5 $1 $13) 1/2-1/2

[Event "EU-ch 14th"]
[Site "Legnica"]
[Date "2013.05.10"]
[Round "6"]
[White "Lupulescu, Constantin"]
[Black "Grachev, Boris V"]
[Result "1-0"]
[WhiteElo "2634"]
[BlackElo "2687"]
[Annotator "Krasenkow,Michal"]
[PlyCount "77"]
[EventDate "2013.05.05"]
[EventType "swiss"]
[EventRounds "11"]
[EventCountry "POL"]
[SourceTitle "CBM 155"]
[Source "ChessBase"]
[SourceDate "2013.07.16"]
[SourceVersion "1"]
[SourceVersionDate "2013.07.16"]
[SourceQuality "1"]

1. d4 d5 2. c4 c6 3. Nf3 Nf6 4. Nc3 e6 5. Bg5 Nbd7 6. cxd5 exd5 7. e3 Be7 8. Qc2 Nf8 9. h3 Ne6 10. Bh4 g6 11. Bd3 Ng7 {A classic plan preparing ...c8-f5.} 12. O-O-O {White chooses to continue development allowing the exchange of bishops.} (12. g4 {is a usual reply, to which Black can play} Be6 13. O-O-O Nd7 {A classic example:} 14. Bg3 O-O 15. Kb1 Rc8 16. Qb3 b5 17. Rc1 a5 18. Qd1 a4 19. Ne5 Nxe5 20. Bxe5 f6 21. Bg3 Qa5 $132 {1/2 (24) Hort,V (2540)-Beliavsky,A (2640) Munich 1991}) ({RR} 12. g4 Be6 13. O-O-O Nd7 14. Bg3 O-O 15. Kb1 Rc8 16. Qb3 b5 17. Rc1 a5 18. Qd1 a4 19. Ne5 Nxe5 20. Bxe5 f6 21. Bg3 Qa5 22. Ne2 b4 23. Nf4 a3 24. b3 c5 {½-½ (24) Hort,V (2540)-Beliavsky,A (2640) Munich 1991}) 12... Bf5 13. g4 Bxd3 14. Qxd3 O-O $146 (14... Nd7 {is possible here, too, but Black's problem is that he can't push ...c6-c5 since his d5-pawn will be hanging. A practical example:} 15. Bg3 Qa5 16. Kb1 Bb4 17. Rc1 Ne6 18. Nd2 O-O 19. h4 b5 20. h5 Rfc8 21. hxg6 fxg6 22. f4 $40 Bxc3 23. Rxc3 b4 24. Rcc1 Qb5 25. Qxb5 (25. Qb3 $5) 25... cxb5 26. f5 Nef8 27. Bd6 $16 {1-0 (52) Kraidman,Y (2460)-Bleiman,Y (2455) Netanya 1975}) (14... Ne6 15. Bg3 Qa5 16. Kb1 Rf8 $6 (16... O-O $142 17. Ne5 Bb4) 17. Ne5 Nd7 18. Nxd7 Kxd7 19. e4 Bb4 20. exd5 cxd5 21. Ne2 Rac8 22. Qb3 b6 23. f4 Rc4 24. a3 Bd6 25. f5 Nc7 26. Bxd6 Kxd6 27. Qg3+ Kd7 28. Rhe1 $16 {1/2 (36) Tavadian,R (2200)-Ubilava,E (2455) Yerevan 1981}) ({RR} 14... Qc7 15. Kb1 Ne6 16. Rc1 Qd8 17. Bg3 Bd6 18. Bxd6 Qxd6 19. Ne5 Qe7 20. f4 O-O-O 21. Nb5 Kb8 22. Rxc6 Ne4 23. Rc2 f6 24. Nf3 h5 25. g5 fxg5 26. Ne5 Rhg8 27. Rhc1 gxf4 28. exf4 a6 29. Qb3 {Hansen,A-Nielsen,B (2142) Copenhagen 1999 ½-½ (37)}) ({RR} 14... a5 15. Ne5 Nd7 16. Bxe7 Qxe7 17. e4 Nxe5 18. dxe5 Qxe5 19. exd5 O-O 20. Rhe1 Qf4+ 21. Kb1 Ne8 22. dxc6 bxc6 23. Qd4 Qxd4 24. Rxd4 Ng7 25. Rc4 Ne6 26. Rxc6 Nf4 27. Ne4 Kg7 28. Rc3 Rfe8 29. f3 {Gilevych,A (2417)-Petrov,N (2567) Darfo Boario Terme ITA 2025 0-1 (40)}) ({RR} 14... Nd7 15. Bg3 O-O 16. Ne5 f6 17. Nxd7 Qxd7 18. f3 Bd6 19. Bxd6 Qxd6 20. h4 f5 21. h5 fxg4 22. hxg6 Qxg6 23. Qxg6 hxg6 24. fxg4 Rae8 25. Rde1 Rf3 26. Kd2 Ne6 27. Ref1 Ng5 28. Rxf3 Nxf3+ 29. Kd3 {Lukic,I (2114)-Miljkovic,M (2274) Nis 2012 ½-½ (41)}) 15. Bxf6 $5 Bxf6 16. h4 {[%mdl 160] White starts an attack, and is it not so easy for Black to create counterplay.} Ne6 (16... h5 {may be a better option than allowing h4-h5. E.g.} 17. gxh5 Nxh5 18. Rdg1 Qe7 19. Rg2 Rfd8 20. Rhg1 Rac8 {[%cal Yc6c5] , and White has no decisive blow.}) 17. Kb1 Rc8 18. g5 (18. h5 $5 c5 19. Ne5) 18... Bg7 19. Ne5 Nc5 $6 (19... c5 {is more logical}) 20. Qc2 b5 21. f4 b4 (21... Bxe5 22. dxe5 {[%cal Yh4h5]}) 22. Nxd5 $1 cxd5 23. dxc5 Bxe5 24. fxe5 {Black must now defend very accurately.} Re8 25. h5 Qd7 $1 (25... Rxe5 $2 26. hxg6 fxg6 27. Rxh7 Kxh7 28. Qh2+) 26. hxg6 fxg6 27. e4 (27. Qh2 Rxc5 28. e4 {is unclear due to} Rc7 $1 29. Rxd5 (29. exd5 Qf5+) 29... Qg4) 27... Rxe5 28. Rd4 Qf7 $1 29. c6 dxe4 30. Rd7 Re7 31. Rxe7 Qxe7 32. Qc4+ Kg7 $2 {After a number of good moves Black commits a decisive mistake, which White, however, doesn't exploit at once.} (32... Kh8 $1 33. Rd1 (33. Qd4+ Kg8 34. Qd5+ Kg7 35. Re1 Re8) 33... e3 $1 34. Rd7 Qe5 35. Rd5 Qg7 $1 {, and Black holds his ground.}) 33. Qd4+ $2 (33. Rd1 $1) 33... Kg8 34. Qc4+ Kg7 $2 (34... Kh8 $1) 35. Rd1 $1 {The rook powerfully joins the attack.} Qxg5 (35... Rc7 36. Rd5 $1 e3 37. Qd4+ Kf7 (37... Kg8 38. Rd8+ Kf7 39. Qd5+ Qe6 40. Rf8+) 38. Re5 Qf8 39. Rxe3 {, and Black is helpless without his passed pawn.}) 36. Qd4+ Kg8 37. Qd7 Qf5 38. c7 e3+ 39. Qxf5 1-0

[Event "Dortmund 46th"]
[Site "Dortmund"]
[Date "2018.07.17"]
[Round "3"]
[White "Nepomniachtchi, Ian"]
[Black "Nisipeanu, Liviu Dieter"]
[Result "1-0"]
[WhiteElo "2757"]
[BlackElo "2672"]
[Annotator "Krasenkow,Michal"]
[PlyCount "99"]
[EventDate "2018.07.14"]
[EventType "tourn"]
[EventRounds "7"]
[EventCountry "GER"]
[EventCategory "19"]
[SourceTitle "CBM 186"]
[Source "ChessBase"]
[SourceDate "2018.09.14"]
[SourceVersion "1"]
[SourceVersionDate "2018.09.14"]
[SourceQuality "1"]

1. c4 {ChessBase} e6 2. Nc3 d5 3. d4 Nf6 4. cxd5 exd5 5. Bg5 c6 6. Qc2 Be7 7. e3 Nbd7 8. Bd3 h6 9. Bh4 Nh5 10. Bxe7 Qxe7 11. O-O-O Nb6 12. Nf3 {This simple move has recently gained popularity. White doesn't fear ...c8-g4.} (12. h3) ({and} 12. Kb1 {are more common continuations.}) 12... Nf6 (12... Bg4 {was played in the following well-known game. Black got a decent position but, surprisingly, didn't find followers:} 13. Kb1 Nf6 14. Rc1 Nfd7 ({Black doesn't dare to take on f3:} 14... Bxf3 15. gxf3 O-O-O 16. Rhg1 {, and the g-file becomes an important factor although practical tests are required here}) 15. Ka1 O-O-O 16. Nd2 Kb8 17. Na4 Nxa4 18. Qxa4 Qh4 19. Rcf1 Qf6 20. Qc2 Rc8 21. Nb3 Rc7 22. Rc1 Rhc8 23. h3 Be6 $11 {[%cal Yc6c5] 1/2 (64) Aronian,L (2777)-Carlsen,M (2865) Baden-Baden 2015 CBM 165 [CB]}) (12... Be6 13. Kb1 O-O-O 14. Ne5 Kb8 15. Na4 Nd7 16. Nxd7+ Bxd7 17. Ka1 Bc8 18. Rb1 Nf6 19. b4 $36 {1-0 (42) Urkedal,F (2537)-Sylvan,J (2330) Lund SWE 2018}) ({RR} 12... Bg4 13. Kb1 Nf6 14. Rc1 Nfd7 15. Ka1 O-O-O 16. Nd2 Kb8 17. Na4 Nxa4 18. Qxa4 Qh4 19. Rcf1 Qf6 20. Qc2 Rc8 21. Nb3 Rc7 22. Rc1 Rhc8 23. h3 Be6 24. Rhf1 h5 ({RR} 24... c5 25. Nxc5 Nxc5 26. dxc5 Rxc5 27. Qxc5 Rxc5 28. Rxc5 Qg5) 25. f4 g6 ({RR} 25... Nb6 26. f5 Bd7 27. Nc5) 26. f5 gxf5 ({RR} 26... Bxf5 27. Bxf5 gxf5 28. Rxf5 ({RR} 28. Qxf5 Qxf5 29. Rxf5 Rg8) 28... Qg6) 27. g4 {Aronian,L (2777)-Carlsen,M (2865) Baden-Baden 2015 CBM 165 [ChessBase] ½-½ (64)}) 13. Kb1 Be6 14. Ka1 $146 {[%cal Yd1b1,Yb2b4][%mdl 32]} (14. Nd2 O-O-O 15. Nb3 Kb8 16. Nc5 Nfd7 17. b4 Nc4 18. Bxc4 dxc4 19. Ka1 f5 $13 {1/2 (25) Werle,J (2526)-Stern,R (2522) Germany 2018}) (14. h3 {(unnecessary here) leads to a well-known position from the 12.h3 line.}) ({RR} 14. h3 O-O-O 15. Na4 Nxa4 16. Qxa4 Kb8 17. Ne5 Nd7 18. Nf3 Nb6 19. Qb3 f6 20. Nd2 Qd7 21. Qc2 Rhe8 22. Nb3 Na4 23. Rc1 Rc8 24. g4 Rf8 25. Qd2 Nb6 26. Nc5 Qd6 27. Nxe6 Qxe6 28. Bf5 Qe7 {Abhyuday,S (1409)-Ananya,P (1235) Mumbai 2019 1-0 (64)}) ({RR} 14. Rc1 O-O-O 15. Na4 Nfd7 16. Nd2 Kb8 17. Nxb6 Nxb6 18. Nb3 Nd7 19. Ka1 Qb4 20. a3 Qb6 21. Qc3 f6 22. a4 a6 23. a5 Qc7 24. Qb4 Ka8 25. Qe7 Rde8 26. Qxg7 Rhg8 27. Qxh6 Rxg2 28. Rc2 Qd6 {Ciolacu,A (2136)-Volcov,I (1943) Eforie Nord ROU 2025 0-1 (40)}) ({RR} 14. h3 O-O-O 15. Ne5 Nfd7 16. Nf3 Kb8 17. Rc1 g5 18. Nd2 h5 19. Nb3 h4 20. a3 Rc8 21. Na2 f6 22. Nb4 Bg8 23. Ka2 Bh7 24. Rhe1 Bxd3 25. Nxd3 Rhe8 26. Na5 Rc7 27. Qb3 Rec8 28. Rc3 c5 {Kalesis,N (2475)-Mastrovasilis,D (2608) Porto Rio 2015 0-1 (34)}) 14... O-O-O 15. Na4 (15. Rb1 $5) 15... Kb8 {Black unnecessarily allows White's knight to c5.} (15... Nxa4 $5 16. Qxa4 Kb8) 16. Rc1 (16. Nc5 $1) 16... Rhe8 (16... Nxa4 $1 17. Qxa4 Ne4 {[%cal Ye6f5] , and Black is not worse.}) 17. Nc5 Bc8 18. b4 Ne4 19. a4 Nd6 20. Nd2 Qf6 (20... Qh4 $5 {was probably more energetic.} 21. g3 Qf6 {is now favourable for Black.}) 21. Rhf1 Bf5 $6 {Generally speaking, the exchange of bishops is favourable for Black in this system. Here, however, White destroys Black's queenside and obtains an advantage.} (21... Nd7 $5 22. a5 a6) 22. Bxf5 Qxf5 23. Qxf5 Nxf5 24. a5 Nd7 $6 (24... Na8 $142 $1 {although after} 25. a6 b6 26. Nd3 {White keeps pressure.}) 25. a6 $1 Nxc5 (25... b6 $2 26. Nxd7+ Rxd7 27. Rxc6) 26. bxc5 Kc7 27. axb7 Rb8 28. Kb2 Rxb7+ 29. Kc3 $16 {[%csl Ra7,Rc6] Black's queenside pawns (a7 and c6) are now weak. GM Ian Nepomniachtchi confidently converts his advantage.} Rb5 30. Ra1 Kb7 31. Ra2 Ne7 32. Rfa1 Ra8 33. Nb1 Kb8 34. Ra6 Kb7 35. R6a4 Kb8 36. Na3 Rb7 37. Ra6 Kc7 38. Nc2 Kd7 39. Nb4 f6 40. f3 {[%cal Re3e4]} f5 {[%csl Re5]} 41. Nd3 Ke6 42. Ne5 Rc7 43. g4 $1 {White opens up a second front on the kingside, which Black can't protect as his pieces are tied up.} fxg4 44. fxg4 h5 45. h3 hxg4 46. hxg4 Kf6 47. Rf1+ Ke6 48. Rf7 Rg8 49. g5 Rb7 50. g6 (50. g6 Rc7 (50... Rgb8 51. Rxe7+ $5 Rxe7 52. Nxc6) 51. Kd3 $22 $18) 1-0

[Event "Munich SKA"]
[Site "Munich"]
[Date "1994.06.03"]
[Round "11"]
[White "Bareev, Evgeny"]
[Black "Jussupow, Artur"]
[Result "1-0"]
[WhiteElo "2685"]
[BlackElo "2655"]
[Annotator "Ftacnik,Lubomir"]
[PlyCount "103"]
[EventDate "1994.05.21"]
[EventType "tourn"]
[EventRounds "11"]
[EventCountry "GER"]
[EventCategory "16"]
[SourceTitle "CBM 042"]
[Source "ChessBase"]
[SourceDate "1994.10.01"]
[SourceVersion "1"]
[SourceVersionDate "1994.10.01"]
[SourceQuality "1"]

1. d4 {Marin,Mihail} Nf6 2. c4 e6 3. Nc3 d5 4. cxd5 exd5 5. Bg5 Be7 6. e3 Nbd7 7. Bd3 O-O 8. Nge2 Re8 9. O-O c6 10. Qc2 Nf8 11. f3 Ng6 (11... b5 12. Bh4 a6 13. Bf2 Bb7 14. Kh1 Rc8 15. Bf5 Rc7 16. e4 $1 $36 {Gelfand-Beliavsky/Belgrade/1991/}) ({RR} 11... Be6 12. Rad1 Rc8) 12. Rad1 Be6 $146 (12... h6 $2 13. Bxh6 $1 gxh6 14. Bxg6 fxg6 15. Qxg6+ Kh8 16. Nf4 Bf8 17. e4 $40) (12... Nh5 13. Bxe7 Qxe7 14. e4 dxe4 15. fxe4 Bg4 $13) 13. Ng3 ({RR} 13. h3 Rc8 ({RR} 13... Nh5 14. Bxe7 Qxe7 15. g4 Nf6 16. Ng3 Rad8 17. Qf2 Bc8 18. Rfe1 Qd6 19. f4) ({RR} 13... Nd7 14. Bxe7 Qxe7 15. e4 Qh4 16. e5 Ne7 17. f4 g6 18. Kh2 Bf5) 14. a3 ({RR} 14. e4 Nh5 ({RR} 14... c5 15. e5 Nd7 16. Bxe7 Qxe7 17. f4 c4 18. Bf5) ({RR} 14... dxe4 15. fxe4 c5 16. Bb5 ({RR} 16. d5 c4) ({RR} 16. e5 Nd5) 16... Bd7 ({RR} 16... Rf8 17. d5) 17. Bxf6 Bxf6 18. dxc5 Ne5 19. b4) 15. Be3 ({RR} 15. Bxe7 Qxe7 16. e5 Qh4 17. Kh2 Nhf4 18. Nxf4 Nxf4) ({RR} 15. Bc1) 15... dxe4 ({RR} 15... Bg5 16. f4 dxe4 17. Nxe4 Bh6 18. g4) 16. fxe4 Bg5 17. Qc1 Bxe3+ 18. Qxe3) 14... b6 ({RR} 14... Nd7 15. Bxe7 Qxe7 16. e4 Qh4) 15. e4 dxe4 16. fxe4 Qc7 17. e5 Nd5 18. Bxe7 Qxe7 19. Nxd5 cxd5 ({RR} 19... Bxd5 20. Nc3) 20. Qd2 Rf8 21. Qe3 Qh4 22. Rf3 Rce8 23. Rdf1 f6 24. exf6 Rxf6 25. Rxf6 gxf6 26. Qg3 Qg5 27. Kh2 Qxg3+ {Sasikiran,K (2642)-Hansen,C (2633) Malmo/Copenhagen 2005 CBM 107 [Marin,Mihail] 1-0 (49)}) ({RR} 13. Kh1 Rc8 14. e4 dxe4 15. fxe4 Ng4 16. Bc1 c5) 13... Rc8 14. Rde1 (14. f4 $6 Ng4 {xe3}) ({RR} 14. Kh1 c5 15. Qf2 h6 16. Bxf6 Bxf6 17. Nh5 cxd4 18. Nxf6+ Qxf6 19. exd4 Rcd8 20. Bxg6 Qxg6 21. Rfe1 Qf6 22. Re5 Qe7 23. Rde1 Qd7 24. Kg1 f6 25. R5e3 Bf7 26. Rxe8+ Rxe8 27. Re3 Rxe3 28. Qxe3 Qe6 {Sahil,T (2219)-Li,H (1990) Chess.com INT 2021 1-0 (84)}) 14... c5 15. f4 Nf8 $146 (15... Ng4 16. Bxe7 Qxe7 17. f5 Qh4 18. h3 Qxg3 19. hxg4 $18) ({RR} 15... Bd7 16. Nf5 Bxf5 17. Bxf5 Rc6 18. Bd3 a6 19. f5 Nf8 20. h3 b5 21. Qf2 b4 22. Ne2 c4 23. Bc2 Ne4 24. Bxe7 Qxe7 25. Bxe4 Qxe4 26. Ng3 Qh4 27. Qf3 Rcc8 28. Nh5 Rcd8 29. Nf4 Re4 30. Rc1 {Vilanova Corbi,J (2087)-Lacrosse,M (2225) Cullera 2006 0-1 (35)}) 16. Kh1 (16. Qd2 $5) 16... h6 17. Bh4 a6 (17... Ng4 18. Bxe7 Qxe7 19. Nf5 $1 $16) 18. Qd2 cxd4 19. exd4 Ne4 $1 20. Ncxe4 (20. Bxe4 Bxh4 21. Bf3 Qd6 $13) 20... Bxh4 21. Nc5 Rc7 22. f5 Bg5 $1 (22... Bc8 $2 23. Rxe8 Qxe8 24. Qf4 Qe7 $14) 23. Qd1 (23. Qa5 Bd7 24. Rxe8 Bxe8 $13) 23... Bd7 24. Nh5 Nh7 25. Qf3 Rxe1 26. Rxe1 Bc6 27. Qg3 Nf6 28. Nxg7 $1 $10 Kxg7 29. h4 Nh5 30. Qg4 Re7 (30... Nf6 31. Qg3 Nh5 $10 32. f6+ Kh8 $1 (32... Qxf6 $2 33. Qxc7 Bxh4 34. Ne6+ $18) 33. Qg4 Qxf6 34. Qxh5 Bxh4 $17) 31. Rxe7 Qxe7 32. hxg5 Qxg5 33. Qxg5+ hxg5 34. b4 $1 g4 (34... Ng3+ 35. Kh2 Ne4 $10) 35. a4 b6 36. Bxa6 $1 (36. b5 axb5 37. axb5 Bxb5 38. Bxb5 bxc5 39. dxc5 Ng3+ 40. Kh2 Nxf5 $10) 36... bxc5 $1 (36... Ng3+ 37. Kh2 Nxf5 38. b5 Be8 39. a5 $1 $36) 37. b5 Ba8 38. dxc5 Ng3+ (38... d4 39. b6 (39. c6 d3 40. c7 d2) 39... Ng3+ 40. Kg1 Ne4 $10) 39. Kg1 Nxf5 $4 (39... d4 $1 40. b6 $8 Ne4 $1 41. b7 Bxb7 42. Bxb7 Nxc5 43. a5 $1 Kf6 44. a6 Nxa6 45. Bxa6 Kxf5 46. Kf2 Kg5 47. Ke2 f5 48. Kd3 f4 $10) 40. b6 (40. c6 Nd6 41. c7 $18) 40... d4 41. b7 Bxb7 42. Bxb7 d3 43. Kf2 Nd4 44. Ke3 d2 45. Kxd2 Nb3+ 46. Ke2 $1 Nxc5 47. a5 f5 48. a6 Nxa6 49. Bxa6 f4 50. Kd3 Kf6 (50... f3 51. g3 $18) 51. Ke4 Kg5 52. Bc8 (52. Bc8 f3 53. g3 f2 54. Ba6 $18) 1-0

[Event "Dortmund"]
[Site "Dortmund"]
[Date "1994.??.??"]
[Round "6"]
[White "Kortschnoj, Viktor Lvovich"]
[Black "Jussupow, Artur"]
[Result "1/2-1/2"]
[WhiteElo "2615"]
[BlackElo "2665"]
[Annotator "Jussupow,Artur"]
[PlyCount "96"]
[EventDate "1994.07.??"]
[EventType "tourn"]
[EventRounds "9"]
[EventCountry "GER"]
[EventCategory "16"]
[SourceTitle "CBM 042"]
[Source "ChessBase"]
[SourceDate "1994.10.01"]
[SourceVersion "1"]
[SourceVersionDate "1994.10.01"]
[SourceQuality "1"]

1. d4 d5 2. c4 c6 3. Nf3 Nf6 4. Nc3 e6 5. Bg5 Nbd7 6. cxd5 exd5 7. e3 Be7 8. Bd3 O-O 9. Qc2 Re8 10. O-O-O Nf8 11. Bxf6 Bxf6 12. h3 ({RR} 12. Kb1 Bg4 13. h3 Bxf3 14. gxf3 h6 15. f4 Qa5 16. Rc1 Rac8 17. Bf5 Rc7 18. h4 Rd8 19. Qb3 Kh8 20. h5 Qb6 21. Qd1 Qa5 22. Qb3 Qb6 23. Qxb6 axb6 24. Na4 b5 25. Nc5 Be7 26. Nd3 Bf6 {Dolezal,C (2374)-Lagar,V (2211) Buenos Aires 2020 1-0 (58)}) 12... Be6 13. Kb1 Rc8 14. g4 ({RR} 14. Rhf1 g6 15. g4 c5 16. dxc5 Qa5 17. Nb5 Be7 18. Qd2 Qxd2 19. Rxd2 Bxc5 20. Rc2 a6 21. Rfc1 Bb6 22. Rxc8 Rxc8 23. Rxc8 Bxc8 24. Nd6 Bd7 25. Nxb7 h5 26. Bxa6 hxg4 27. hxg4 Bxg4 28. Nd2 Bc8 {Spassky,B (2565)-Sermier,A (2245) France 1993 1-0 (41)}) 14... b5 $146 (14... c5 $1 15. Bb5 Nd7 16. Ne5 (16. dxc5 Rxc5 17. Nd4 a6 $132) 16... cxd4 $10) ({RR} 14... c5 15. dxc5 Rxc5 16. Nd4 a6 17. f4 Bc8 18. g5 Bxd4 19. exd4 Rc6 20. Qd2 g6 21. Ka1 Ne6 22. h4 Ng7 23. Qg2 Rd6 24. Rhe1 Rxe1 25. Rxe1 Bf5 26. Bb1 Bxb1 27. Kxb1 Nf5 28. Re5 Nxd4 29. Rxd5 {Brinck Claussen,B (2380)-Rodgaard,J (2325) Esbjerg 1982 ½-½ (41)}) ({RR} 14... c5 15. dxc5 Rxc5 16. Nd4 Qb8 17. Qd2 Rec8 18. f4 b5 19. g5 Bd8 20. Nce2 b4 21. Rc1 Rxc1+ 22. Nxc1 a5 {½-½ (22) Dyballa,M (2310)-Jasnikowski,Z (2400) Germany 1999}) 15. Ne2 Qb6 16. Rc1 Be7 17. Nf4 c5 18. dxc5 Rxc5 19. Qe2 Rec8 (19... b4 20. Rxc5 Bxc5 21. Rc1 $16) 20. Rxc5 (20. Nxe6 $6 Nxe6 21. Bxb5 Rb8 $40) 20... Rxc5 21. Nd4 b4 22. h4 a5 23. Qd1 $1 (23. h5 a4 $132) 23... Bf6 24. Bc2 $1 (24. g5 Bxd4 $132) 24... Qc7 (24... Bxd4 $2 25. Qxd4 Bxg4 26. Nxd5 Qd6 27. Nf6+ $18) 25. Bb3 Qd6 (25... Bxd4 $6 26. Qxd4 Bxg4 27. Nxd5 Bf5+ 28. e4 Qa7 29. Qe3 $16 (29. Bc2)) 26. Nh5 Bd8 27. f4 Bd7 28. Nf5 Bxf5+ 29. gxf5 d4 30. e4 $2 (30. Qd3 $5 $16 {e4}) (30. Ng3 $16 {Kortschnoj}) 30... d3 31. Rg1 g6 32. Bd5 (32. Bxf7+ Kxf7 33. Qb3+ Ke7) 32... Rxd5 33. exd5 Qxd5 $17 34. fxg6 hxg6 35. Ng3 Bxh4 36. f5 d2 37. fxg6 Nxg6 38. Ne2 Qd3+ 39. Ka1 Bf6 (39... Kf8 $1 40. Rg2 (40. Rg4 Bf2 41. Nf4 Nxf4 42. Rxf4 Qe3 $19) 40... Bf6 41. Ng1 Bxb2+ $19) 40. Rg3 Qd6 41. Kb1 a4 $2 (41... Be5 42. Re3) (41... Qd5 42. a3 Bg5 $17) (41... Bh4 42. Rg4 (42. Rg1 Qd3+ 43. Ka1 Kf8 $19) 42... Qd3+ 43. Ka1 Bf2 $19 {e3,a4-a3} 44. Rg2 (44. Nf4 Qc4 $19) 44... Be3 45. Ng3 Qd5 46. Rh2 Bf4 $19) 42. Kc2 Qc5+ 43. Kxd2 Qd5+ 44. Ke1 (44. Kc1 $2 Bxb2+ $19) (44. Kc2 Qxa2 $19) 44... Qxa2 45. Rg4 Qxb2 $2 (45... a3 $17) 46. Qxa4 Qb1+ 47. Qd1 Qb2 48. Kf1 b3 1/2-1/2